00615cam a2200193Ma 4500008004100000020002200041100002100063245009200084260003600176300002700212500002000239504004100259650004200300650002900342650002300371003000100394005001700395040000900412  a0713996021 (pbk.)1 aSchlosser, Eric.10aFast food nation :bwhat the all-american meal is doing to the world /cEric Schlosser. aLondon :bPenguin Press,c2001. a356 p. bill. ;c20cm. aIncludes index. aIncludes bibliographical references. 0aFast food restaurantszUnited States. 0aFood industry and trade. 0aConvenience foods.20230123125312.0 cNUST